| 000 | 00979nac a22003011i 4500 | ||
|---|---|---|---|
| 003 | EG-ScBUE | ||
| 005 | 20240625084314.0 | ||
| 008 | 240625s2001 ua ab f d 000 0 eng d | ||
| 020 | _a9774246322 | ||
| 020 | _a9789774246326 | ||
| 040 |
_aEG-ScBUE _beng _erda _cEG-ScBUE _dEG-ScBUE |
||
| 043 | _af-ua--- | ||
| 082 | 0 | 4 |
_a720.96216 _bDOB _222 |
| 100 | 1 |
_aDobrowolski, Jarostaw, _eauthor. |
|
| 245 | 1 | 4 |
_aThe living stone of Cairo / _cJarostaw Dobrowolski. |
| 250 | _aSecond printing. | ||
| 264 | 1 |
_aCairo ; _aNew York : _bThe American University in Cairo, _c2001. |
|
| 300 |
_axii,105 pages : _billustrations, maps ; _c31 cm |
||
| 336 |
_2rdacontent _atext _btxt |
||
| 337 |
_aunmediated _2rdamedia _bn |
||
| 338 |
_avolume _bnc _2rdacarrier |
||
| 500 | _aIncludes glossary. | ||
| 650 | 7 |
_aIslamic architecture _zEgypt _zCairo. _2BUEsh |
|
| 650 | 7 |
_aMosques _zEgypt _zCairo. _2BUEsh |
|
| 650 | 7 |
_aStone buildings _zEgypt _zCairo. _2BUEsh |
|
| 655 | _vReading book | ||
| 942 |
_cBB _2ddc |
||
| 999 |
_c2757 _d2757 |
||